01586nam a2200385 a 4500001001000000003000500010005001700015008004100032010001100073011001100084040000900095090001000104100003700114245013000151260004100281500006000322502007700382590003700459590004100496590004000537590004000577590004000617650003000657650005200687650003200739650003500771856001600806856007000822901000700892942001000899942000600909999001900915952013100934952013501065000113707CHAP20220329144409.0170911s2017 mx a fsm |||||||spa d a110168 a111140 cCHAP aTesis1 aCoeto Pérez, Guadalupe913330310aEfecto de la aplicación de agRovit-CP en la maduración de mango var. manila /h[En línea]cpor Guadalupe Coeto Pérez. aChapingo, Méx. :bEl autor,c2017. aPara ver el contenido del material haga clic en la liga aTesis (Ing. Agr. Esp. en Fitotecnia) -- UACH. Departamento de Fitotecnia aBATCHb00c20181121lUCH01h0759 aE11695DGDb10c20170913lUCH01h0911 aE6096MTMb05c20170911lUCH01h1147 aE6096MTMb05c20170911lUCH01h1148 aE6096MTMb05c20170911lUCH01h150314aMangoxBacterias.913334214aMangoxDesinfectantes y desinfección.913334114aMangoxMaduración.97043214aMangoxPeso y tamaño.970442 a1 n0001656 aFinding aiduhttp://10.13.5.2/tesis/sist113707.pdfzTeclea aquí aBK cTESIS n0 c110168d110168 00104054718TESISaBCbBCd2017-09-11fTESISl0oTesisp113717-10r2019-12-31 00:00:00w2019-12-31yTESISzRecien adquirido 00102local4053708TESISaBCbBCcPA_TESISd2017-09-11fTESISl0oTesisp113717-20r2019-12-31 00:00:00tc.2w2019-12-31yTESIS